MARC

LEADER 00000nas a2200000 a 4500
001 ssj0050711
003 WaSeSS
005 20200512172242.0
006 m d
007 cr n
008 100321d19132002gw qr p s os 0 0ger c
010 |a  2010235213 
016 7 |a 011776515  |2 Uk 
022 |l 0043-2636  |y 0043-2636 
035 |a (WaSeSS)ssj0050711 
040 |a OCLCE  |b eng  |c OCLCE  |d EYM  |d HUL  |d UKMGB  |d OCLCQ  |d OCLCF  |d OCLCO  |d OCLCQ  |d AU@  |d OCLCQ  |d DLC  |d WaSeSS 
041 0 |a ger  |a eng 
042 |a dlr  |a pcc 
050 4 |a H5  |b .W4 
245 0 0 |a Weltwirtschaftliches Archiv  |h [electronic resource]. 
246 1 |i Issues for 1972-2002 have English title:  |a Review of world economics 
260 |3 1913-1945 :  |a Jena :  |b Gustav Fischer,  |c 1913-©2002. 
260 2 |3 1949-1968 :  |a Hamburg :  |b Hoffman und Campe 
260 3 |3 1969-2002 :  |a Tübingen :  |b J.C.B. Mohr 
310 |a Quarterly,  |b 1949-2002 
321 |a Frequency varies,  |b 1913-1945 
362 1 |a Began with 1. Bd. (Jan. 1913); ceased with Bd. 138, Heft 4 (2002). 
500 |a Subtitle: Zeitschrift für Allegemeine und Spezielle Weltwirtschaftslehre, 1913-1920/21; Zeitschrift des Instituts für Weltwirtschaft und Seeverkehr an der Universität Kiel, July 1921-1933. 
506 |a License restrictions may limit access. 
515 |a Vol. 1 (1913)-v. 20 (1924) each consist of 2 sections: Abhandlungen, Literatur; Chronik und Archivalien; v. 21 (1925)-v. 30 (1929) of 3 sections: Abhandlungen; Chronik und Archivalien; Literatur; v. 31 (1930)-v. 40 (1934) of 2 sections: Abhandlungen; Literatur; v. 41 (1935)-v. 110 (1974) of 2 sections: Abhandlungen; Schrifttum. Each section has separate t.p. and paging. 
515 |a The section Chronik und Archivalien omitted 1930. 
515 |a Beginning with v. 41, Literatur section is called Schrifttum. 
515 |a Suspended 1946-1948. 
515 |a 61. Bd., Heft 3 never published? 
538 |a Master and use copy. Digital master created according to Benchmark for Faithful Digital Reproductions of Monographs and Serials, Version 1. Digital Library Federation, December 2002.  |u http://purl.oclc.org/DLF/benchrepro0212  |5 MiAaHDL 
546 |a German and English. 
550 |a Issued by: Institut für Weltwirtschaft Kiel, -2002. 
555 |a Gesamtverzeichnis der Bände 1-35 (1913-32) nebst Ergänzungsheften. Jena, G. Fischer, 1932. 7, 298 p.; Gesamtverzeichnis der Bände 36-50 (1932-39) nebst Ergänzungsheften. Jena, G. Fischer, 1940. vii, 135 p.; Gesamtverzeichnis der Bände 51-85 (1940-60). Hamburg, Hoffmann and Campe, 1962. vii, 125 p. 
583 1 |a digitized  |c 2010  |h HathiTrust Digital Library  |l committed to preserve  |2 pda  |5 MiAaHDL 
588 |a Final issue consulted: Bd. 138, Heft 4 (2002) (JSTOR, viewed June 16, 2010). 
588 |a Description based on: 1. Bd. (Jan. 1913); title from title page (JSTOR, viewed June 16, 2010). 
650 0 |a Economics  |v Periodicals. 
650 0 |a Commerce  |v Periodicals. 
650 0 |a Social sciences  |v Periodicals. 
650 6 |a Économie politique  |v Périodiques. 
650 6 |a Commerce  |v Périodiques. 
650 6 |a Sciences sociales  |v Périodiques. 
650 7 |a Commerce.  |2 fast  |0 (OCoLC)fst00869279 
650 7 |a Economics.  |2 fast  |0 (OCoLC)fst00902116 
650 7 |a Social sciences.  |2 fast  |0 (OCoLC)fst01122877 
650 1 7 |a Internationale economie.  |2 gtt 
650 7 |a INTERNATIONAL ECONOMIC RELATIONS.  |2 unbist 
650 7 |a ECONOMIC RESEARCH.  |2 unbist 
650 7 |a INTERNATIONAL TRADE.  |2 unbist 
650 7 |a 83.40 international economics: general.  |2 bcl 
655 0 |a Electronic journals. 
710 2 |a Universität Kiel.  |b Institut für Weltwirtschaft. 
776 0 8 |i Print version:  |t Weltwirtschaftliches Archiv  |x 0043-2636  |w (DLC) 14004666  |w (OCoLC)1640929 
785 0 0 |t Review of world economics (Online)  |x 1610-2886  |w (DLC) 2008233882  |w (OCoLC)60637617 
856 4 0 |z Full text available from Research Library: 03/01/1997 to 12/31/2002  |u https://search.proquest.com/publication/43988